000 00698nam a2200289Ia 4500
005 20260324121714.0
008 008 260324s9999 xx 000 0 eng d
020 _a9781315571690
037 _aEBOOK
040 _aCRL
040 _beng
040 _cCRL
041 _2eng
041 _aeng
084 _qCRL
100 _aYongjun Zhao
_91163553
245 0 _aChina's Disappearing Countryside
245 0 _bTowards Sustainable Land Governance for the Poor
260 _bTaylor and Francis
260 _c2013
365 _a
365 _b240
856 _uhttp://www.taylorfrancis.com/books/9781315571690
942 _cEBOOK
999 _c1755829
_d1755829